000 00551nam a22001337a 4500
040 _cRUA
082 _aAGR MIL 2011 B074 Or.1
100 _aMILIYA CHANPHALKUN
245 _aEffect of different fertilizer on growing water convolvulus,(ឥទ្ធិពលជីផ្សេងៗគ្នាទៅលើការលូតលាស់ដំណាំត្រកួន)
260 _aPhnom Penh
_bRUA
_c2011
300 _ax, 21.
_bill.
_c29cm.
856 _uhttps://drive.google.com/file/d/1qWcfB88Wr0xOA39ya8hP8NFZU5x_ykMN/view?usp=sharing
942 _cAGR
999 _c1154
_d1154